00461nam a2200181Ia 4500003000400000005001700004008004100021020002200062040000700084041001200091082001900103100002100122245004600143260003900189300001600228365001300244650002200257OSt20250813192441.0210423s2018 xx 000 0 und d a978-93-5304-154-0 cAL aEnglish a320.954 bSARN aRajdeep Sardesai aNewsmanb: tracking India in the Modi era aNew DelhibRupa Publicationsc2018 axxi,234bHB b500cINR aPolitical Science